Y a d'la joie / (Notice n° 18877)
[ affichage normal ]
| 000 -LEADER | |
|---|---|
| fixed length control field | 04030nam a2200721 i 4500 |
| 001 - CONTROL NUMBER | |
| control field | 0008070665 |
| 003 - CONTROL NUMBER IDENTIFIER | |
| control field | OSt |
| 005 - DATE AND TIME OF LATEST TRANSACTION | |
| control field | 20260530103738.0 |
| 008 - FIXED-LENGTH DATA ELEMENTS--GENERAL INFORMATION | |
| fixed length control field | 251121s2026 quca 000 f fre |
| 020 ## - INTERNATIONAL STANDARD BOOK NUMBER | |
| International Standard Book Number | 9782897772109 |
| 020 ## - INTERNATIONAL STANDARD BOOK NUMBER | |
| International Standard Book Number | 2897772107 |
| 040 ## - CATALOGING SOURCE | |
| Original cataloging agency | QMBN |
| Language of cataloging | fre |
| Description conventions | rda |
| Transcribing agency | QMBN |
| 050 #4 - LIBRARY OF CONGRESS CALL NUMBER | |
| Classification number | PS9635* |
| 082 04 - DEWEY DECIMAL CLASSIFICATION NUMBER | |
| Classification number | R 112yad |
| Edition number | 23/fre/202605 |
| Standard or optional designation | b |
| 082 04 - DEWEY DECIMAL CLASSIFICATION NUMBER | |
| Classification number | 843/.92 |
| Item number | R112y |
| Edition number | 23/fre/202605 |
| 082 04 - DEWEY DECIMAL CLASSIFICATION NUMBER | |
| Classification number | C843/.92 |
| Item number | R112y |
| Edition number | 23/fre/202605 |
| Standard or optional designation | b |
| 084 ## - OTHER CLASSIFICATION NUMBER | |
| Classification number | C848/.92 |
| Item number | R112y |
| Number source | z |
| 100 1# - MAIN ENTRY--PERSONAL NAME | |
| Personal name | Rabagliati, Michel, |
| Dates associated with a name | 1961- |
| Relator term | auteur |
| 245 10 - TITLE STATEMENT | |
| Title | Y a d'la joie / |
| Statement of responsibility, etc. | Michel Rabagliati |
| 250 ## - EDITION STATEMENT | |
| Edition statement | 1re ďition |
| 264 #1 - PRODUCTION, PUBLICATION, DISTRIBUTION, MANUFACTURE, AND COPYRIGHT NOTICE | |
| Place of production, publication, distribution, manufacture | Montrǎl (Qub̌ec) : |
| Name of producer, publisher, distributor, manufacturer | la Pastq̈ue, |
| Date of production, publication, distribution, manufacture, or copyright notice | [2026] |
| 300 ## - PHYSICAL DESCRIPTION | |
| Extent | 173 pages : |
| Other physical details | illustrations ; |
| Dimensions | 21 cm |
| 336 ## - CONTENT TYPE | |
| Content type term | texte |
| Content type code | txt |
| Source | rdacontent |
| 336 ## - CONTENT TYPE | |
| Content type term | image fixe |
| Content type code | sti |
| Source | rdacontent |
| 337 ## - MEDIA TYPE | |
| Media type term | sans mďiation |
| Media type code | n |
| Source | rdamedia |
| 338 ## - CARRIER TYPE | |
| Carrier type term | volume |
| Carrier type code | nc |
| Source | rdacarrier |
| 650 #6 - SUBJECT ADDED ENTRY--TOPICAL TERM | |
| Topical term or geographic name as entry element | Paul (Personnage fictif : Rabagliati) |
| Form subdivision | Romans, nouvelles, etc. |
| 650 #6 - SUBJECT ADDED ENTRY--TOPICAL TERM | |
| Topical term or geographic name as entry element | Vie quotidienne |
| Form subdivision | Romans, nouvelles, etc. |
| 650 #6 - SUBJECT ADDED ENTRY--TOPICAL TERM | |
| Topical term or geographic name as entry element | Souvenir |
| Form subdivision | Romans, nouvelles, etc. |
| 650 #6 - SUBJECT ADDED ENTRY--TOPICAL TERM | |
| Topical term or geographic name as entry element | Dp̌lacements p̉ied |
| Form subdivision | Romans, nouvelles, etc. |
| 651 #6 - SUBJECT ADDED ENTRY--GEOGRAPHIC NAME | |
| Geographic name | Montrǎl (Qub̌ec) |
| Form subdivision | Romans, nouvelles, etc. |
| 655 #7 - INDEX TERM--GENRE/FORM | |
| Genre/form data or focus term | Romans qub̌čois |
| Chronological subdivision | 21e sic̈le |
| Source of term | local |
| 655 #7 - INDEX TERM--GENRE/FORM | |
| Genre/form data or focus term | Romans graphiques |
| Source of term | rvmgf |
| 942 ## - ADDED ENTRY ELEMENTS (KOHA) | |
| Source of classification or shelving scheme | Dewey Decimal Classification |
| Koha item type | Roman adulte |
| Withdrawn status | Lost status | Source of classification or shelving scheme | Damaged status | Not for loan | Home library | Current library | Date acquired | Total Checkouts | Full call number | Barcode | Date last seen | Price effective from | Koha item type |
|---|---|---|---|---|---|---|---|---|---|---|---|---|---|
| Dewey Decimal Classification | Bibliothèque municipale d'Henryville | Bibliothèque municipale d'Henryville | 2026-05-30 | R 112yad | 30001030038972 | 2026-05-30 | 2026-05-30 | Roman adulte |